000
00271nam a2200109Ia 4500
008
231107s1986 xx 000 0 und d
041
_a
eng
100
_a
GALLION A B
245
_a
URBAN PATTERN CITY PLANNIG AND DESIGN 5TH ED
260
_a
UK
_b
C B C
_c
1986
300
_a
643
999
_c
932535
_d
932535